[Event "XXV Festival Conca della Presolana A"]
[Site "Bratto - Castione della Presolana ITA"]
[Date "2005.08.21"]
[Round "2"]
[White "Di Paolo, Raffaele"]
[Black "Lalic, Bogdan"]
[Result "1/2-1/2"]
[WhiteElo "2271"]
[BlackElo "2491"]
[PlyCount "38"]
[EventDate "2005.08.20"]

1. e4 c5 2. Nf3 d6 3. d4 cxd4 4. Nxd4 Nf6 5. Nc3 Nc6 6. Bg5 e6 7. Qd2 Be7 8.
O-O-O Nxd4 9. Qxd4 O-O 10. f4 Qa5 11. Kb1 h6 12. h4 Rd8 13. Be2 Bd7 14. Qd2
Nxe4 15. Nxe4 Qxd2 16. Rxd2 hxg5 17. hxg5 Bc6 18. Bf3 Bxe4 19. Bxe4 d5 1/2-1/2

[Event "XXV Festival Conca della Presolana A"]
[Site "Bratto - Castione della Presolana ITA"]
[Date "2005.08.21"]
[Round "2"]
[White "Drasko, Milan"]
[Black "Mihalj, Miroslav M."]
[Result "1-0"]
[WhiteElo "2516"]
[BlackElo "2298"]
[PlyCount "55"]
[EventDate "2005.08.20"]

1. Nf3 Nf6 2. g3 b5 3. Bg2 Bb7 4. O-O e6 5. d3 c5 6. c4 a6 7. Nc3 Bc6 8. e4 d6
9. e5 dxe5 10. Nxe5 Bxg2 11. Kxg2 Nbd7 12. Bf4 Qb6 13. Nxd7 Nxd7 14. Qf3 Rc8
15. cxb5 axb5 16. a4 b4 17. Nb5 Be7 18. b3 O-O 19. Rfc1 g5 20. Be3 Ne5 21. Qe4
Qb8 22. d4 cxd4 23. Bxd4 Ng6 24. Na7 Rxc1 25. Rxc1 Qa8 26. Qxa8 Rxa8 27. a5 Ne5
28. Bxe5 1-0

[Event "XXV Festival Conca della Presolana A"]
[Site "Bratto - Castione della Presolana ITA"]
[Date "2005.08.21"]
[Round "2"]
[White "Drazic, Sinisa"]
[Black "Bresciani, Nicola"]
[Result "1-0"]
[WhiteElo "2497"]
[BlackElo "2289"]
[PlyCount "61"]
[EventDate "2005.08.20"]

1. b3 Nf6 2. Bb2 e6 3. g3 d5 4. Nf3 c5 5. Bg2 Nc6 6. O-O Be7 7. d4 O-O 8. c4
dxc4 9. bxc4 cxd4 10. Nxd4 Bd7 11. Nxc6 Bxc6 12. Bxc6 bxc6 13. Nd2 Rb8 14. Qc2
Qa5 15. Nb3 Qh5 16. Kg2 Rfd8 17. Rad1 Qg6 18. Qxg6 hxg6 19. Be5 Rbc8 20. Bc3
Kf8 21. f3 Ke8 22. Rb1 Kf8 23. h4 Rd7 24. g4 Rb7 25. Rh1 Rbb8 26. h5 gxh5 27.
g5 Ng8 28. Rxh5 g6 29. Rh8 Bxg5 30. Be5 Rb6 31. Rbh1 1-0

[Event "XXV Festival Conca della Presolana A"]
[Site "Bratto - Castione della Presolana ITA"]
[Date "2005.08.21"]
[Round "2"]
[White "Dvirnyy, Danyyil"]
[Black "Sanchez, Joseph"]
[Result "0-1"]
[WhiteElo "2141"]
[BlackElo "2452"]
[PlyCount "94"]
[EventDate "2005.08.20"]

1. e4 c5 2. Nf3 Nc6 3. d4 cxd4 4. Nxd4 Nf6 5. Nc3 e5 6. Ndb5 d6 7. Bg5 a6 8.
Na3 Be6 9. Nd5 Bxd5 10. Bxf6 Qa5+ 11. c3 Be6 12. Bg5 b5 13. Nc2 h6 14. Be3 Rd8
15. b4 Qa4 16. Bb6 Rb8 17. Be3 d5 18. exd5 Rd8 19. c4 bxc4 20. Bxc4 Bxb4+ 21.
Kf1 Bc3 22. Bb3 Qb5+ 23. Qe2 Bxd5 24. Qxb5 axb5 25. Bxd5 Rxd5 26. Rb1 Ke7 27.
Ke2 Rhd8 28. Rhc1 f5 29. Nb4 Bxb4 30. Rxc6 Bd6 31. Rbc1 Ra8 32. R1c2 b4 33. Bb6
Kd7 34. R6c4 Ra6 35. Bc7 Be7 36. f4 exf4 37. Bxf4 Rda5 38. Rd2+ Ke6 39. Rcc2
Bf6 40. Kf3 Ra3+ 41. Kf2 Bc3 42. Re2+ Kd5 43. Bd2 Kd4 44. Bxc3+ bxc3 45. Kf3 g5
46. g3 Kd3 47. Rc1 g4+ 0-1

[Event "XXV Festival Conca della Presolana A"]
[Site "Bratto - Castione della Presolana ITA"]
[Date "2005.08.21"]
[Round "2"]
[White "Epishin, Vladimir V."]
[Black "Buchicchio, Giampaolo"]
[Result "1-0"]
[WhiteElo "2600"]
[BlackElo "2326"]
[PlyCount "55"]
[EventDate "2005.08.20"]

1. d4 d5 2. c4 c6 3. Nf3 Nf6 4. e3 Bf5 5. Nc3 e6 6. Nh4 Be4 7. f3 Bg6 8. Qb3
Qb6 9. Nxg6 hxg6 10. Bd2 Nbd7 11. cxd5 exd5 12. Qc2 Qc7 13. O-O-O Rxh2 14. Rxh2
Qxh2 15. e4 dxe4 16. fxe4 Nh5 17. Kb1 Nb6 18. Be3 Be7 19. a4 Qg3 20. Bf2 Qc7
21. a5 Nc8 22. e5 Qxa5 23. d5 cxd5 24. Nxd5 Kf8 25. g4 Nf4 26. Nxf4 Qxe5 27.
Bg3 Kg8 28. Qh2 1-0

[Event "XXV Festival Conca della Presolana A"]
[Site "Bratto - Castione della Presolana ITA"]
[Date "2005.08.21"]
[Round "2"]
[White "Forato, Enrico"]
[Black "Manzoni, Alessandro"]
[Result "0-1"]
[WhiteElo "1974"]
[BlackElo "2086"]
[PlyCount "90"]
[EventDate "2005.08.20"]

1. e4 d6 2. d4 Nf6 3. Nc3 g6 4. Be3 c6 5. f3 b5 6. e5 b4 7. exf6 bxc3 8. fxe7
Qxe7 9. Qe2 Ba6 10. Qf2 cxb2 11. Rb1 Bg7 12. Bxa6 Nxa6 13. Qe2 O-O 14. Kf2 Rfe8
15. c3 Rab8 16. Bf4 Qh4+ 17. g3 Rxe2+ 18. Nxe2 Qd8 19. Rhd1 Nc7 20. Rd2 Nd5 21.
Kg2 g5 22. c4 Nb6 23. Bxd6 Qxd6 24. c5 Qc7 25. cxb6 Rxb6 26. Rbxb2 Qb7 27. Rbc2
Rb4 28. a3 Ra4 29. Rb2 Qc7 30. Rb3 Bf8 31. d5 cxd5 32. Rxd5 h6 33. Rc3 Rc4 34.
Re3 Rc2 35. Re8 Qc4 36. Rde5 Kg7 37. Re4 Qd3 38. Re3 Qd1 39. a4 Ra2 40. R8e5
Ra1 41. Kh3 Qf1+ 42. Kg4 Rxa4+ 43. Kf5 Bd6 44. Rd5 Qh3+ 45. g4 Qxh2 0-1

[Event "XXV Festival Conca della Presolana A"]
[Site "Bratto - Castione della Presolana ITA"]
[Date "2005.08.21"]
[Round "2"]
[White "Fuggetta, Leonardo"]
[Black "Bartolozzi, Roberto"]
[Result "1-0"]
[WhiteElo "2048"]
[BlackElo "2126"]
[PlyCount "59"]
[EventDate "2005.08.20"]

1. c4 e6 2. Nf3 d5 3. b3 Nf6 4. g3 Be7 5. Bg2 b6 6. Bb2 Bb7 7. O-O Nbd7 8. e3
O-O 9. Qe2 c5 10. d3 Qc7 11. Nc3 Rad8 12. Rfd1 a6 13. a4 Nb8 14. Rac1 Nc6 15.
cxd5 exd5 16. d4 Nb4 17. Ne5 Rfe8 18. Ba3 Nc6 19. Nxc6 Bxc6 20. Bb2 Qb7 21. Bf1
Ra8 22. Qc2 Rac8 23. Bg2 Red8 24. Qe2 c4 25. bxc4 dxc4 26. Bxc6 Qxc6 27. d5
Nxd5 28. Nxd5 Rxd5 29. Rxd5 c3 30. Rxc3 1-0

[Event "XXV Festival Conca della Presolana A"]
[Site "Bratto - Castione della Presolana ITA"]
[Date "2005.08.21"]
[Round "2"]
[White "Gasperoni, Stefano"]
[Black "Bracali, Andrea"]
[Result "1/2-1/2"]
[WhiteElo "2021"]
[BlackElo "2119"]
[PlyCount "114"]
[EventDate "2005.08.20"]

1. e4 c6 2. d4 d5 3. Nc3 dxe4 4. Nxe4 Nd7 5. Bc4 Ngf6 6. Ng5 e6 7. Qe2 Nb6 8.
Bb3 h6 9. N5f3 c5 10. dxc5 Bxc5 11. Qb5+ Nbd7 12. Bf4 a6 13. Qd3 O-O 14. O-O-O
Ng4 15. Nh3 Nxf2 16. Nxf2 Bxf2 17. Ne5 Qf6 18. Nxd7 Qxf4+ 19. Kb1 Bxd7 20. Qxd7
Qb8 21. a3 Bh4 22. Qa4 Bf6 23. g3 Rd8 24. c3 Qc7 25. Rxd8+ Rxd8 26. Rd1 Rxd1+
27. Bxd1 Qd8 28. Bc2 g6 29. Qe4 Qd7 30. Qd3 Qxd3 31. Bxd3 Kf8 32. Kc2 Ke7 33.
Be4 b6 34. a4 Be5 35. a5 bxa5 36. Bb7 h5 37. Bxa6 h4 38. gxh4 Bxh2 39. Be2 Kd6
40. Kd3 Kc5 41. h5 gxh5 42. Bxh5 f6 43. b4+ axb4 44. cxb4+ Kxb4 45. Bf7 e5 46.
Ke4 Bf4 47. Be6 Kc5 48. Bc8 Kd6 49. Bh3 Ke7 50. Bc8 Kf7 51. Bh3 Kg6 52. Bc8 Bh2
53. Bh3 Kf7 54. Bc8 Ke7 55. Bh3 Kd6 56. Bc8 Kc5 57. Bh3 f5+ 1/2-1/2

[Event "XXV Festival Conca della Presolana A"]
[Site "Bratto - Castione della Presolana ITA"]
[Date "2005.08.21"]
[Round "2"]
[White "Giretti Kanev, Jasen"]
[Black "Bellia, Fabrizio"]
[Result "0-1"]
[WhiteElo "2183"]
[BlackElo "2375"]
[PlyCount "68"]
[EventDate "2005.08.20"]

1. c4 e6 2. Nc3 d5 3. d4 Nf6 4. Bg5 Bb4 5. e3 h6 6. Bh4 g5 7. Bg3 Ne4 8. Rc1 h5
9. Bd3 h4 10. Be5 f6 11. Qa4+ Nc6 12. Bxe4 dxe4 13. d5 exd5 14. cxd5 Bxc3+ 15.
Bxc3 Qxd5 16. Bxf6 O-O 17. Bd4 Qf7 18. Rc2 a6 19. Bc3 Bf5 20. Nh3 b5 21. Qa3
Bxh3 22. Qc5 Qf5 23. Qxc6 Bxg2 24. Qh6 Kf7 25. Bd4 Ke8 26. Qc6+ Kf7 27. Qxc7+
Kg6 28. Rg1 Rac8 29. Qg7+ Kh5 30. Bc3 h3 31. a3 a5 32. Rd2 b4 33. axb4 axb4 34.
Bxb4 Rc1+ 0-1

[Event "XXV Festival Conca della Presolana A"]
[Site "Bratto - Castione della Presolana ITA"]
[Date "2005.08.21"]
[Round "2"]
[White "Gromovs, Sergejs"]
[Black "Andreoli, Renato"]
[Result "1-0"]
[WhiteElo "2375"]
[BlackElo "2154"]
[PlyCount "63"]
[EventDate "2005.08.20"]

1. d4 Nf6 2. Nf3 e6 3. c4 b6 4. a3 Bb7 5. Nc3 d5 6. cxd5 Nxd5 7. Qc2 Nxc3 8.
bxc3 Be7 9. e4 O-O 10. Bd3 c5 11. O-O Qc7 12. Qe2 Nd7 13. Bd2 Rac8 14. h4 e5
15. h5 cxd4 16. cxd4 exd4 17. Nxd4 Bf6 18. Rac1 Nc5 19. Nf5 Qd7 20. Bb5 Qe6 21.
f3 Nb3 22. Rxc8 Rxc8 23. Be3 g6 24. Nh6+ Kg7 25. Rd1 Rc3 26. hxg6 hxg6 27. Ng4
Kg8 28. Rd7 Bc6 29. Bxc6 Qxc6 30. Qd1 Bg7 31. Rd8+ Kh7 32. Qe1 1-0

[Event "XXV Festival Conca della Presolana A"]
[Site "Bratto - Castione della Presolana ITA"]
[Date "2005.08.21"]
[Round "2"]
[White "Groszpeter, Attila"]
[Black "Ardaman, Miles"]
[Result "1-0"]
[WhiteElo "2525"]
[BlackElo "2308"]
[PlyCount "57"]
[EventDate "2005.08.20"]

1. e4 Nc6 2. Nf3 d6 3. d4 Bg4 4. Bb5 a6 5. Bxc6+ bxc6 6. Nc3 e6 7. h3 Bh5 8.
Qe2 Nf6 9. g4 Bg6 10. Bg5 h6 11. Bxf6 Qxf6 12. O-O-O Qf4+ 13. Kb1 Be7 14. Ne1
h5 15. Nd3 Qh6 16. Rhg1 Kd7 17. f4 Rhe8 18. f5 Bh7 19. Nb4 exf5 20. exf5 Bg8
21. g5 Qh7 22. Qc4 c5 23. dxc5 Qxf5 24. Ncd5 Rec8 25. Rge1 Bxg5 26. Nb6+ cxb6
27. Rxd6+ Kc7 28. Nd5+ Qxd5 29. Qxd5 1-0

[Event "XXV Festival Conca della Presolana A"]
[Site "Bratto - Castione della Presolana ITA"]
[Date "2005.08.21"]
[Round "2"]
[White "Guido, Flavio"]
[Black "Godena, Michele"]
[Result "0-1"]
[WhiteElo "2305"]
[BlackElo "2522"]
[PlyCount "54"]
[EventDate "2005.08.20"]

1. e4 e5 2. Nf3 Nc6 3. Bc4 Nf6 4. d3 Bc5 5. c3 O-O 6. O-O d5 7. exd5 Nxd5 8. h3
Nb6 9. Bb5 Bd6 10. Re1 Ne7 11. Nxe5 a6 12. Ba4 Nxa4 13. Qxa4 Bxe5 14. Rxe5 Ng6
15. Re3 f5 16. Nd2 f4 17. Qc4+ Kh8 18. Re4 b5 19. Qc6 Bd7 20. Qb7 Rb8 21. Qxa6
Nh4 22. Nf1 Bxh3 23. gxh3 Qxd3 24. Qe6 Nf3+ 25. Kg2 Ng5 26. Re3 fxe3 27. Bxe3
Nxe6 0-1

[Event "XXV Festival Conca della Presolana A"]
[Site "Bratto - Castione della Presolana ITA"]
[Date "2005.08.21"]
[Round "2"]
[White "Jones, Gawain C.B."]
[Black "Shytaj, Carlo"]
[Result "1-0"]
[WhiteElo "2442"]
[BlackElo "2212"]
[PlyCount "59"]
[EventDate "2005.08.20"]

1. e4 d6 2. d4 Nf6 3. Nc3 g6 4. Be3 c6 5. Nf3 Qa5 6. Bd3 Nbd7 7. O-O Bg7 8. Qd2
Ng4 9. Bg5 h6 10. Bxe7 Qc7 11. Bh4 Nf8 12. h3 Nf6 13. e5 dxe5 14. dxe5 N6d7 15.
Ne4 Ne6 16. Nd6+ Kf8 17. Bg3 Kg8 18. Rfe1 Ndf8 19. Rad1 Bd7 20. Ne4 Qb6 21. Bc4
Be8 22. Nf6+ Bxf6 23. exf6 Rd8 24. Qxd8 Nxd8 25. Rxe8 Nde6 26. Bxe6 fxe6 27.
Rd7 Rh7 28. Rxf8+ Kxf8 29. Bd6+ Kg8 30. Rxh7 1-0

[Event "XXV Festival Conca della Presolana A"]
[Site "Bratto - Castione della Presolana ITA"]
[Date "2005.08.21"]
[Round "2"]
[White "Khenkin, Igor"]
[Black "Mazzilli, Piero"]
[Result "1-0"]
[WhiteElo "2610"]
[BlackElo "2341"]
[PlyCount "67"]
[EventDate "2005.08.20"]

1. d4 e6 2. c4 Nf6 3. Nc3 d5 4. cxd5 exd5 5. Bg5 Be7 6. e3 c6 7. Bd3 Nbd7 8. h3
O-O 9. Qc2 Re8 10. Nf3 Nf8 11. O-O Ne4 12. Bf4 f5 13. Ne5 Ng6 14. f3 Nxf4 15.
exf4 Ng3 16. Rfd1 g6 17. Kh2 Nh5 18. Ne2 Be6 19. g4 Ng7 20. gxf5 Bxf5 21. Bxf5
Nxf5 22. Rg1 Qc8 23. Rg4 Rf8 24. Rag1 Rf6 25. Qd3 Kh8 26. h4 Qf8 27. h5 Qh6 28.
Kg2 gxh5 29. Rg5 Nh4+ 30. Kf2 Bd6 31. Rh1 Bxe5 32. dxe5 Rxf4 33. Rxh4 Rxh4 34.
Nd4 1-0

[Event "XXV Festival Conca della Presolana A"]
[Site "Bratto - Castione della Presolana ITA"]
[Date "2005.08.21"]
[Round "2"]
[White "Lanzani, Giuliano"]
[Black "Bonazzi, Edoardo"]
[Result "0-1"]
[WhiteElo "2074"]
[BlackElo "2143"]
[PlyCount "83"]
[EventDate "2005.08.20"]

1. e4 c6 2. Nc3 d5 3. Nf3 Bg4 4. h3 Bh5 5. exd5 cxd5 6. Bb5+ Nc6 7. g4 Bg6 8.
Ne5 Rc8 9. d4 e6 10. h4 f6 11. Nxg6 hxg6 12. Qd3 Kf7 13. Bxc6 Rxc6 14. h5 gxh5
15. Rxh5 Rxh5 16. gxh5 Ne7 17. Ne2 Nf5 18. Ng3 Nxg3 19. Qg6+ Kg8 20. fxg3 Qc7
21. Kd1 Qf7 22. Qxf7+ Kxf7 23. Bf4 Bd6 24. Bxd6 Rxd6 25. Ke2 Rb6 26. b3 Rc6 27.
Kd3 b5 28. c3 f5 29. Rh1 Ra6 30. Rh2 Kf6 31. h6 gxh6 32. Rxh6+ Kg5 33. Rh8 Kg4
34. Ke3 Rc6 35. Rg8+ Kh3 36. Kd3 Ra6 37. Rg6 Rxa2 38. Rxe6 Kxg3 39. Re5 f4 40.
Rxd5 f3 41. Rxb5 f2 42. Rg5+ 0-1

[Event "XXV Festival Conca della Presolana A"]
[Site "Bratto - Castione della Presolana ITA"]
[Date "2005.08.21"]
[Round "2"]
[White "Lucaroni, Massimiliano"]
[Black "Atalik, Suat"]
[Result "0-1"]
[WhiteElo "2318"]
[BlackElo "2561"]
[PlyCount "70"]
[EventDate "2005.08.20"]

1. e4 e6 2. Nf3 d5 3. e5 c5 4. b4 cxb4 5. a3 Nh6 6. axb4 Bxb4 7. c3 Be7 8. d4
Nf5 9. Bd3 Nc6 10. g4 Nh6 11. h3 Bd7 12. O-O Rc8 13. Na3 a6 14. c4 Nb4 15. Be2
dxc4 16. Nxc4 Bc6 17. Na5 Bd5 18. Bd2 O-O 19. Nb3 Nc2 20. Rb1 Na3 21. Rc1 Rxc1
22. Bxc1 Qb6 23. Nbd2 Nb5 24. Bb2 Rc8 25. Bd3 Nc3 26. Bxc3 Rxc3 27. Ne4 Rc8 28.
Qd2 Qc7 29. Nfg5 Kh8 30. f4 f5 31. exf6 gxf6 32. Nxh7 Bxe4 33. Bxe4 f5 34. Ng5
fxe4 35. Nxe6 Qc3 0-1

[Event "XXV Festival Conca della Presolana A"]
[Site "Bratto - Castione della Presolana ITA"]
[Date "2005.08.21"]
[Round "2"]
[White "Magrini, Fabrizio"]
[Black "Lanzani, Mario"]
[Result "0-1"]
[WhiteElo "1996"]
[BlackElo "2356"]
[PlyCount "58"]
[EventDate "2005.08.20"]

1. e4 e5 2. Nf3 Nf6 3. Nxe5 d6 4. Nf3 Nxe4 5. d4 d5 6. Bd3 Bd6 7. O-O O-O 8.
Re1 Re8 9. c4 c6 10. Nc3 Nxc3 11. Rxe8+ Qxe8 12. bxc3 dxc4 13. Bxc4 Bg4 14. Bd2
Nd7 15. Rc1 Rb8 16. Qb3 Bxf3 17. Re1 Qf8 18. gxf3 Nb6 19. Bd3 Nd5 20. Re4 f5
21. Rh4 Qf6 22. Rh3 Kh8 23. Qa4 a6 24. c4 Nf4 25. Bxf4 Bxf4 26. d5 Re8 27. Kf1
Qa1+ 28. Kg2 Re1 29. Rh4 Rh1 0-1

[Event "XXV Festival Conca della Presolana A"]
[Site "Bratto - Castione della Presolana ITA"]
[Date "2005.08.21"]
[Round "2"]
[White "Maiorov, Nikita"]
[Black "Bentivegna, Francesco"]
[Result "1-0"]
[WhiteElo "2453"]
[BlackElo "2225"]
[PlyCount "63"]
[EventDate "2005.08.20"]

1. d4 d5 2. c4 Nc6 3. cxd5 Qxd5 4. e3 e5 5. Nc3 Bb4 6. Bd2 Bxc3 7. bxc3 Nf6 8.
f3 O-O 9. c4 Qd6 10. d5 Ne7 11. e4 Nd7 12. Nh3 Nc5 13. Nf2 f5 14. Bb4 b6 15.
Qd2 Qg6 16. Qe3 fxe4 17. fxe4 Qf6 18. Be2 Ng6 19. g3 Re8 20. Bxc5 bxc5 21. O-O
Rb8 22. Nd3 Qd6 23. Qxc5 Qxc5+ 24. Nxc5 Rb2 25. Bd3 Bh3 26. Rf2 Reb8 27. Nb3
Rxf2 28. Kxf2 a5 29. Rb1 Ne7 30. Ke3 Rf8 31. Nd2 Bd7 32. c5 1-0

[Event "XXV Festival Conca della Presolana A"]
[Site "Bratto - Castione della Presolana ITA"]
[Date "2005.08.21"]
[Round "2"]
[White "Mantovani, Renzo"]
[Black "Cardili, Mariano"]
[Result "1-0"]
[WhiteElo "2371"]
[BlackElo "2076"]
[PlyCount "85"]
[EventDate "2005.08.20"]

1. e4 c6 2. Nc3 d5 3. Nf3 Bg4 4. Be2 Nf6 5. h3 Bxf3 6. Bxf3 e6 7. O-O Nbd7 8.
Re1 dxe4 9. Nxe4 Nxe4 10. Bxe4 Bd6 11. c3 Nf6 12. Bc2 Qc7 13. Qf3 O-O-O 14. b4
e5 15. a4 Rhe8 16. b5 cxb5 17. axb5 Kb8 18. Be4 Bc5 19. d3 Nxe4 20. Rxe4 f6 21.
d4 exd4 22. Bf4 Bd6 23. Bxd6 Qxd6 24. Rxd4 Qc7 25. Rda4 b6 26. Rxa7 Re1+ 27.
Rxe1 Qxa7 28. Qg3+ Kc8 29. Re6 Rd7 30. Qe3 Rd1+ 31. Kh2 Qc7+ 32. g3 Rd6 33.
Re8+ Rd8 34. Re7 Rd7 35. Qe6 Qd6 36. Qxd6 Rxd6 37. Rxg7 Rd2 38. Kg2 Rd7 39.
Rxd7 Kxd7 40. Kf3 Kd6 41. Ke4 Kc5 42. g4 Kxb5 43. Kd5 1-0

[Event "XXV Festival Conca della Presolana A"]
[Site "Bratto - Castione della Presolana ITA"]
[Date "2005.08.21"]
[Round "2"]
[White "Mazzariol, Oscar"]
[Black "Moncelli, Giorgio"]
[Result "1/2-1/2"]
[WhiteElo "2078"]
[BlackElo "2149"]
[PlyCount "94"]
[EventDate "2005.08.20"]

1. e4 e5 2. Nf3 Nc6 3. Bb5 a6 4. Ba4 d6 5. d4 Bd7 6. c3 Nf6 7. O-O Be7 8. Re1
O-O 9. h3 Re8 10. Nbd2 Bf8 11. Bc2 g6 12. Nf1 h6 13. Ng3 Bg7 14. Be3 Qe7 15.
Qd2 Kh7 16. Rac1 Rad8 17. b4 Bc8 18. d5 Nb8 19. c4 Rf8 20. c5 Ne8 21. Bd3 Nd7
22. a4 b6 23. cxd6 cxd6 24. Rc6 Bb7 25. Bxb6 Rb8 26. Ba5 Bxc6 27. dxc6 Nb6 28.
Bxa6 Nxa4 29. Qc2 Nb6 30. Rc1 Nc7 31. Bb7 Nc8 32. Qd3 Na7 33. Nd2 Ncb5 34. Nc4
Rxb7 35. cxb7 Qxb7 36. Nxd6 Qd7 37. Rd1 Nd4 38. Nc4 Nac6 39. Nb6 Qa7 40. Nc4
Rb8 41. Rb1 Bf8 42. Ne2 Nxe2+ 43. Qxe2 Nxa5 44. Nxa5 Rxb4 45. Rxb4 Bxb4 46. Nc6
Qa1+ 47. Kh2 Qc3 1/2-1/2

[Event "XXV Festival Conca della Presolana A"]
[Site "Bratto - Castione della Presolana ITA"]
[Date "2005.08.21"]
[Round "2"]
[White "Mogranzini, Roberto"]
[Black "Podini, Francesco"]
[Result "1-0"]
[WhiteElo "2363"]
[BlackElo "2062"]
[PlyCount "117"]
[EventDate "2005.08.20"]

1. e4 c5 2. Nf3 e6 3. d4 cxd4 4. Nxd4 Nf6 5. Nc3 d6 6. Be2 Be7 7. O-O O-O 8.
Kh1 Nc6 9. f4 e5 10. Nb3 exf4 11. Bxf4 Be6 12. Nd4 Nxd4 13. Qxd4 Qa5 14. b4 Qb6
15. Be3 Rfc8 16. a3 Qc6 17. Bd2 Bc4 18. Bd3 b5 19. Rae1 Re8 20. Bxc4 Qxc4 21.
Qxc4 bxc4 22. Nb5 Rec8 23. Bc3 Nd7 24. Rd1 Rc6 25. Nd4 Ra6 26. Nf5 Bf8 27. Ra1
Re8 28. Ng3 Ne5 29. a4 Rb6 30. b5 Nd7 31. Rfd1 g6 32. Rab1 h5 33. a5 Rb7 34. a6
Rbb8 35. Bd4 Nb6 36. h4 Re6 37. Kh2 Bg7 38. Bf2 Be5 39. Kh3 Rf6 40. Be3 Re6 41.
Nf1 Bc3 42. Bd4 Bxd4 43. Rxd4 Rc8 44. Ne3 Kg7 45. Rb4 c3 46. Rd3 Rc5 47. Nd1 d5
48. Rxc3 Rc4 49. Rbxc4 dxc4 50. Re3 Re5 51. Nc3 Nc8 52. Re1 f5 53. Kg3 Nd6 54.
Kf4 Rc5 55. Rb1 fxe4 56. b6 axb6 57. Rxb6 Nc8 58. Rb7+ Kf6 59. Nxe4+ 1-0

[Event "XXV Festival Conca della Presolana A"]
[Site "Bratto - Castione della Presolana ITA"]
[Date "2005.08.21"]
[Round "2"]
[White "Mosca, Leonildo"]
[Black "Virzi, Ettore"]
[Result "1-0"]
[WhiteElo "2115"]
[BlackElo "2008"]
[PlyCount "50"]
[EventDate "2005.08.20"]

1. e4 e5 2. Bc4 Nc6 3. Nf3 Nf6 4. d3 Be7 5. c3 d5 6. exd5 Nxd5 7. O-O O-O 8.
Re1 Qd6 9. Nbd2 Nf4 10. Ne4 Qg6 11. Bxf4 exf4 12. d4 Bg4 13. Ned2 Bd6 14. b4
Ne7 15. Ne4 Nf5 16. Nxd6 Nxd6 17. Bd3 Qf6 18. h3 Bh5 19. Be2 Ne4 20. Rc1 Rfe8
21. Ne5 Bg6 22. Bf3 Nd6 23. Qd2 Rad8 24. Re2 Qg5 25. Rce1 f6 1-0

[Event "XXV Festival Conca della Presolana A"]
[Site "Bratto - Castione della Presolana ITA"]
[Date "2005.08.21"]
[Round "2"]
[White "Osuna Munoz, Xavier"]
[Black "Pulvirenti, Gianni"]
[Result "1-0"]
[WhiteElo "2092"]
[BlackElo "1965"]
[PlyCount "63"]
[EventDate "2005.08.20"]

1. e4 c5 2. Nc3 d6 3. g3 Nc6 4. Bg2 g6 5. d3 Bg7 6. Nge2 Nf6 7. O-O O-O 8. f4
a6 9. Kh1 Bd7 10. h3 h5 11. Be3 Rc8 12. Qd2 b6 13. f5 Kh7 14. Rf2 Ne5 15. Raf1
Bc6 16. Bf4 Qc7 17. Ng1 Qb7 18. Bxe5 dxe5 19. fxg6+ fxg6 20. Qg5 c4 21. Nf3 Be8
22. Qxe5 Ng4 23. Ng5+ Kh6 24. Qxg7+ Kxg7 25. Ne6+ Kh6 26. Rxf8 Nf6 27. Rh8+ Nh7
28. Nf8 Kg7 29. Rxh7+ Kg8 30. Nd5 Rc7 31. Nxc7 Qxc7 32. Ne6 1-0

[Event "XXV Festival Conca della Presolana A"]
[Site "Bratto - Castione della Presolana ITA"]
[Date "2005.08.21"]
[Round "2"]
[White "Pace, Pietro Dario"]
[Black "Borgo, Giulio"]
[Result "0-1"]
[WhiteElo "2198"]
[BlackElo "2380"]
[PlyCount "100"]
[EventDate "2005.08.20"]

1. e4 c5 2. Nf3 Nc6 3. Nc3 a6 4. a4 e6 5. d4 cxd4 6. Nxd4 d6 7. Be2 Nf6 8. O-O
Bd7 9. Be3 Be7 10. Kh1 O-O 11. f4 Qc7 12. Bf3 Nxd4 13. Bxd4 e5 14. Be3 Rac8 15.
Qe2 Qc4 16. Qd2 Qb4 17. Rfb1 Rfe8 18. f5 d5 19. exd5 e4 20. Be2 Bxf5 21. Ra3
Qa5 22. Rb3 Bb4 23. d6 Rcd8 24. Bf4 Be6 25. Rxb4 Qxb4 26. Rd1 h6 27. h3 Bd7 28.
Qd4 Qxd4 29. Rxd4 Rc8 30. Kg1 e3 31. Kf1 g5 32. Bh2 Rc5 33. g4 Bc6 34. Bd3 Kg7
35. Bf5 Bd7 36. Bd3 h5 37. Be2 hxg4 38. hxg4 Rh8 39. Kg2 Bc6+ 40. Kg3 Rh4 41.
Bg1 Nh5+ 42. gxh5 Rxd4 43. Bxe3 Rxc3 44. bxc3 Rxd6 45. Bxg5 Be4 46. Bf4 Rd5 47.
Kg4 Bxc2 48. Bf3 Bd1 49. Bxd1 Rxd1 50. Kf5 Rd5+ 0-1

[Event "XXV Festival Conca della Presolana A"]
[Site "Bratto - Castione della Presolana ITA"]
[Date "2005.08.21"]
[Round "2"]
[White "Palac, Mladen"]
[Black "Corvi, Marco"]
[Result "1-0"]
[WhiteElo "2566"]
[BlackElo "2317"]
[PlyCount "68"]
[EventDate "2005.08.20"]

1. e4 Nf6 2. e5 Nd5 3. d4 d6 4. Nf3 Bg4 5. Be2 e6 6. O-O Be7 7. c4 Nb6 8. Nc3
d5 9. c5 N6d7 10. b4 O-O 11. Ne1 Bxe2 12. Qxe2 c6 13. Rb1 b6 14. f4 a5 15. a3
axb4 16. axb4 Na6 17. f5 exf5 18. Rxf5 Nc7 19. Nd3 Ne6 20. Qg4 bxc5 21. bxc5
Rb8 22. Rxb8 Qxb8 23. Rf3 Qb3 24. Nf4 Qc2 25. Nxe6 Qxc1+ 26. Kf2 Bh4+ 27. g3
fxe6 28. Qxe6+ Kh8 29. Rxf8+ Nxf8 30. Qf7 Qb2+ 31. Ne2 Qb8 32. gxh4 Qd8 33. h5
h6 34. Nf4 Nd7 1-0

[Event "XXV Festival Conca della Presolana A"]
[Site "Bratto - Castione della Presolana ITA"]
[Date "2005.08.21"]
[Round "2"]
[White "Pechy, Alaster"]
[Black "Vocaturo, Daniele"]
[Result "1/2-1/2"]
[WhiteElo "2168"]
[BlackElo "2372"]
[PlyCount "104"]
[EventDate "2005.08.20"]

1. d4 Nf6 2. c4 g6 3. Nc3 Bg7 4. e4 d6 5. f3 O-O 6. Be3 c5 7. dxc5 dxc5 8. Qxd8
Rxd8 9. Rd1 Rxd1+ 10. Kxd1 Nc6 11. Bxc5 Nd7 12. Be3 Bxc3 13. bxc3 Nde5 14. Ne2
Nxc4 15. Bc1 e5 16. Nd4 N6a5 17. Nb3 Be6 18. Nc5 Rd8+ 19. Kc2 Bc8 20. g4 b6 21.
Nb3 Be6 22. Be2 f6 23. h4 Rc8 24. h5 g5 25. Re1 Nb7 26. Bxc4 Rxc4 27. Ba3 Kf7
28. Rd1 Rc6 29. Rb1 Bc4 30. Rd1 Rc7 31. Nc1 Bb5 32. Bb4 Ke8 33. Rd2 Nc5 34.
Bxc5 Rxc5 35. Ne2 Bc4 36. Ng3 Be6 37. Nf5 Bxf5 38. gxf5 Ke7 39. h6 Rc8 40. Rd5
Rg8 41. a4 g4 42. fxg4 Rxg4 43. Kd3 Rg3+ 44. Kd2 Rg2+ 45. Ke3 Rc2 46. Kd3 Ra2
47. Rb5 Kd6 48. Rb1 Rh2 49. Rg1 Rxh6 50. Rg7 Rh3+ 51. Kd2 Rh2+ 52. Kd3 Rh3+
1/2-1/2

[Event "XXV Festival Conca della Presolana A"]
[Site "Bratto - Castione della Presolana ITA"]
[Date "2005.08.21"]
[Round "2"]
[White "Pegoraro, Nicola"]
[Black "Ranfagni, Stefano"]
[Result "1/2-1/2"]
[WhiteElo "2085"]
[BlackElo "1934"]
[PlyCount "94"]
[EventDate "2005.08.20"]

1. e4 e6 2. d4 d5 3. e5 c5 4. c3 Nc6 5. Be3 Qb6 6. Qd2 Bd7 7. Nf3 cxd4 8. cxd4
Rc8 9. Nc3 Bb4 10. Rc1 Nge7 11. Bd3 Na5 12. O-O Nc4 13. Qe2 h6 14. Nb1 Nxe3 15.
fxe3 Rxc1 16. Rxc1 Nc6 17. a3 Be7 18. b4 a6 19. Nc3 Qd8 20. Nd2 O-O 21. Nb3 Bg5
22. Rb1 f6 23. exf6 Qxf6 24. Rd1 Ne7 25. e4 Qf4 26. Re1 Bh4 27. Rf1 Qxf1+ 28.
Qxf1 Rxf1+ 29. Kxf1 Bf6 30. e5 Bg5 31. Nc5 Bc8 32. b5 Be3 33. Nb3 a5 34. Ke2
Bg1 35. Kf3 b6 36. Ne2 Bxh2 37. g3 Bd7 38. Kg2 Bxg3 39. Kxg3 g5 40. Nc3 Kg7 41.
Na4 Nc8 42. Nbc5 bxc5 43. b6 Nxb6 44. Nxb6 c4 45. Bc2 Be8 46. Bd1 Bg6 47. Na4
h5 1/2-1/2